LEADER 01245nam a2200289 i 4500 001 000000175005 003 CaOOAMICUS 005 20081020000000.0 008 081020s2004 it u000 u ita u 013 $a152482 020 $a88-10-55102-8 040 $aSeMil$bita 100 1 $aIlarduia, Juan Mari.$0(OLS)http://semarc/name/65302 240 13$aEl proyecto comunitario : Camino de encuentro y comunịn.$0(OLS)http://semarc/title/250949 245 13$aIl progetto comunitario :$bcammino d'incontro e comunione /$cJuan Mari Ilarduia. 260 $aBologna :$bEDB,$ccopyr. 2004. 300 $a188 p. ;$c21 cm. 490 0 $aQuaderni di formazione permanente ;$v2 500 $aContiene : Bibliografia. 650 4$aComunità cristiane.$0(OLS)http://semarc/subject/7916 830 0$aQuaderni di formazione permanente ;$v2.$0(OLS)http://semarc/title/10843 850 $aSeMil 852 $aSeMil$W1$xVenegono$y1$m3G V 116$j125831$B125831$CSeMilBibl$Z2$F138106 $81 961 $aOmaggio: Altro 996 $6020$a88-10-55102-8$9(OLS)http://semarc/number/163100 996 $6245$aIl progetto comunitario :$bcammino d'incontro e comunione$9(OLS)http://semarc/title/250948 996 $6260$aBologna :$bEDB$9(OLS)http://semarc/publisher/29669 LEADER 01110nam a2200277 i 4500 001 000000207028 003 CaOOAMICUS 005 20160720000000.0 008 160720n it u000 u ita u 013 $a185803 020 $a88-87510-00-8 040 $aSeMil$bita 100 1 $aHong .$0(OLS)http://semarc/name/74363 245 10$aMemorie di una principessa di Corea del 18. secolo /$cHong di Hyegyomg ; traduzione dal coreano di Vincenzo D'Urso. 260 $aMilano :$bO barra O 300 $a370 p. ;$c21 cm. 490 0 $aIn-Asia 650 4$aCorea.$0(OLS)http://semarc/subject/3980 700 1 $aD'Urso, Vincenzo.$0(OLS)http://semarc/name/74364 830 0$aIn-Asia.$0(OLS)http://semarc/title/45021 850 $aSeMil 852 $aSeMil$W1$xVenegono$y1$m1V III 240$j157491$B157491$CSeMilBibl$Z2$F213508 $81 961 $aOmaggio: Altro 996 $6020$a88-87510-00-8$9(OLS)http://semarc/number/201155 996 $6245$aMemorie di una principessa di Corea del 18. secolo$9(OLS)http://semarc/title/299401 996 $6260$aMilano :$bO barra O$9(OLS)http://semarc/publisher/39547